书目信息 |
| 题名: |
金萍传
|
|
| 作者: | 苏继坡 , 张献章 编 | |
| 分册: | ||
| 出版信息: | 合肥 安徽人民出版社 1980 |
|
| 页数: | 205页 | |
| 开本: | 19cm | |
| 丛书名: | ||
| 单 册: | ||
| 中图分类: | I239.07 , I239 | |
| 科图分类: | ||
| 主题词: | 曲艺--中国--现代--选集 | |
| 电子资源: | ||
| ISBN: | ||
| 000 | 00647nam0 2200241 45 | |
| 001 | 1536057731 | |
| 005 | 20150128111209.09 | |
| 010 | @dCNY0.45 | |
| 091 | @aCN@b10102.862 | |
| 100 | @a19950629d1980 em y0chiy0121 ea | |
| 101 | 0 | @achi |
| 102 | @aCN@b340000 | |
| 105 | @af z 000by | |
| 200 | 10 | @a金萍传@Ajin ping zhuan@e长篇曲艺@f苏继坡,张献章编 |
| 210 | @a合肥@c安徽人民出版社@d1980 | |
| 215 | @a205页@c插图@d19cm | |
| 606 | @a曲艺@y中国@z现代@x选集 | |
| 690 | @aI239.07@v3 | |
| 690 | @aI239@v4 | |
| 701 | 0 | @a苏继坡@Asu ji po@4编 |
| 701 | 0 | @a张献章@Azhang xian zhang@4编 |
| 801 | 0 | @aCN@bTSSF@c20150128 |
| 905 | @aZUCC@dI239@eJY23 | |
| 金萍传:长篇曲艺/苏继坡,张献章编.-合肥:安徽人民出版社,1980 |
| 205页:插图;19cm |
| ISBN :CNY0.45 |
| ● |
| 相关链接 |
|
|
|
|
正题名:金萍传
索取号:I239/JY23
 
预约/预借
| 序号 | 登录号 | 条形码 | 馆藏地/架位号 | 状态 | 备注 |
| 1 | 7839837 | 278398379 | 学院路分馆/ [索取号:I239/JY23] | 在馆 | |
| 2 | 7839838 | 278398388 | 学院路分馆/ [索取号:I239/JY23] | 在馆 |